[Event "Scarborough CC-ch"]
[Site "Toronto CAN"]
[Date "2025.05.15"]
[Round "5.8"]
[White "Mutyalapati, Modith Aaroh"]
[Black "Anish, Diganth"]
[Result "1-0"]
[WhiteElo "2232"]
[BlackElo "1663"]
[WhiteFideId "-1"]
[WhiteFideId "-1"]
[PlyCount "155"]
[GameId "2226046759906997"]
[EventDate "2025.04.17"]
[EventType "swiss"]
[EventRounds "10"]
[EventCountry "CAN"]

1. e4 c5 2. Nf3 d6 3. d4 cxd4 4. Nxd4 Nf6 5. Nc3 g6 6. Be3 Bg7 7. f3 O-O 8. Be2 Nc6 9. Qd2 Nxd4 10. Bxd4 b6 11. f4 Bb7 12. Bf3 Qd7 13. O-O Rad8 14. Nd5 Rfe8 15. Nxf6+ Bxf6 16. Bxf6 exf6 17. Qd4 f5 18. exf5 Bxf3 19. Rxf3 Qxf5 20. Qd3 Qxd3 21. Rxd3 Re2 22. Rc3 Rd2 23. Re1 Rd7 24. Kf1 Kg7 25. Re2 Rxe2 26. Kxe2 Kf6 27. g4 d5 28. Rc6+ Ke7 29. Kd3 Rd6 30. Rc7+ Rd7 31. Rc3 Kf6 32. Rc6+ Ke7 33. Kd4 f6 34. h4 Kf7 35. g5 fxg5 36. hxg5 Ke7 37. Ke5 Kf7 38. Rd6 Rc7 39. c3 Re7+ 40. Kxd5 Re2 41. Rd7+ Kg8 42. Rxa7 Rxb2 43. Ke5 Rb5+ 44. Kd4 Rf5 45. Ke3 Rc5 46. Kd3 Rd5+ 47. Kc2 Rf5 48. Ra4 Kf7 49. Rb4 b5 50. Re4 Kg7 51. Kb3 h6 52. gxh6+ Kxh6 53. c4 Kh5 54. Re5 Rxe5 55. fxe5 bxc4+ 56. Kxc4 g5 57. Kd4 g4 58. e6 Kg6 59. a4 g3 60. Ke3 Kf6 61. a5 Kxe6 62. a6 Kd7 63. a7 g2 64. Kf2 Kc7 65. a8=Q Kd7 66. Qxg2 Ke6 67. Qg5 Kd6 68. Qf5 Kc6 69. Qe5 Kb7 70. Qd6 Ka8 71. Qd7 Kb8 72. Ke3 Ka8 73. Kd4 Kb8 74. Kc5 Ka8 75. Kb6 Kb8 76. Qh7 Ka8 77. Qg7 Kb8 78. Qb7# 1-0

[Event "Scarborough CC-ch"]
[Site "Toronto CAN"]
[Date "2025.05.15"]
[Round "5.9"]
[White "Southam, David"]
[Black "Zhao, Shannon"]
[Result "1/2-1/2"]
[WhiteElo "2037"]
[BlackElo "1649"]
[WhiteFideId "-1"]
[WhiteFideId "-1"]
[PlyCount "64"]
[GameId "2226046759911094"]
[EventDate "2025.04.17"]
[EventType "swiss"]
[EventRounds "10"]
[EventCountry "CAN"]

1. d4 d5 2. c4 e6 3. Nf3 Nf6 4. g3 g6 5. Bg2 Bg7 6. O-O O-O 7. Nbd2 Nc6 8. Qc2 Re8 9. Rd1 Qe7 10. e4 dxe4 11. Nxe4 Nxe4 12. Qxe4 e5 13. d5 Bf5 14. Qh4 Nb4 15. Bd2 Nd3 16. Qxe7 Rxe7 17. Bc3 e4 18. Nd4 Bg4 19. f3 exf3 20. Rxd3 fxg2 21. Nb5 Be2 22. Rd2 Bxc3 23. Nxc3 Bxc4 24. Kxg2 Rae8 25. Rd4 Be2 26. Kf2 Ba6 27. Rad1 Re5 28. R1d2 Rf5+ 29. Rf4 Rfe5 30. Rfd4 Rf5+ 31. Rf4 Rfe5 32. Rfd4 Rf5+ 1/2-1/2

[Event "Scarborough CC-ch"]
[Site "Toronto CAN"]
[Date "2025.05.15"]
[Round "5.10"]
[White "Lukinykh, Slava"]
[Black "Vo, Timothy"]
[Result "1-0"]
[WhiteElo "2011"]
[BlackElo "1634"]
[WhiteFideId "-1"]
[WhiteFideId "-1"]
[PlyCount "79"]
[GameId "2226046759886500"]
[EventDate "2025.04.17"]
[EventType "swiss"]
[EventRounds "10"]
[EventCountry "CAN"]

1. e4 c6 2. d4 d5 3. exd5 cxd5 4. Bd3 Nf6 5. h3 Nc6 6. Nf3 g6 7. c3 Bg7 8. O-O O-O 9. Re1 Bf5 10. Bxf5 gxf5 11. Ne5 e6 12. Bg5 Qc7 13. Bxf6 Bxf6 14. Nxc6 bxc6 15. Nd2 Kh8 16. Nf3 Rg8 17. b4 Rg7 18. Kh1 Rag8 19. Rg1 Rg6 20. Qd2 Bg7 21. Rae1 Bh6 22. Qd3 Bf4 23. Ne5 Rh6 24. Qa6 Qe7 25. Nf3 Qc7 26. a4 Rh5 27. Ne5 Qe7 28. Nf3 Qf6 29. Qf1 Rg6 30. b5 cxb5 31. axb5 Rgh6 32. Ra1 Bb8 33. b6 f4 34. bxa7 Bxa7 35. Rxa7 Qf5 36. Nh2 Qe4 37. f3 Qc2 38. Rxf7 Qxc3 39. Qb5 Qc8 40. Qb4 1-0

[Event "Scarborough CC-ch"]
[Site "Toronto CAN"]
[Date "2025.05.15"]
[Round "5.11"]
[White "Ma, Quentin"]
[Black "Hong, Zihan"]
[Result "0-1"]
[WhiteElo "1654"]
[BlackElo "1999"]
[WhiteFideId "-1"]
[WhiteFideId "-1"]
[PlyCount "52"]
[GameId "2226046759890597"]
[EventDate "2025.04.17"]
[EventType "swiss"]
[EventRounds "10"]
[EventCountry "CAN"]

1. e4 c5 2. Nf3 d6 3. d4 cxd4 4. Nxd4 Nf6 5. Nc3 g6 6. Bc4 Bg7 7. O-O O-O 8. h3 Nc6 9. Nxc6 bxc6 10. Be3 Qa5 11. Qd2 Qb4 12. Bd3 Qxb2 13. Rab1 Qa3 14. Rb3 Qa5 15. Nd5 Qd8 16. Nxf6+ Bxf6 17. Bh6 Re8 18. f4 Be6 19. Rb7 Rb8 20. Rxb8 Qxb8 21. f5 Bxa2 22. fxg6 hxg6 23. Qf4 Qb6+ 24. Kh1 Be6 25. Bg5 Bxg5 26. Qxg5 Qd4 0-1

[Event "Scarborough CC-ch"]
[Site "Toronto CAN"]
[Date "2025.05.15"]
[Round "5.12"]
[White "Lawless, David"]
[Black "Wang, Alan"]
[Result "1-0"]
[WhiteElo "1902"]
[BlackElo "1622"]
[WhiteFideId "-1"]
[WhiteFideId "-1"]
[PlyCount "195"]
[GameId "2226046759890598"]
[EventDate "2025.04.17"]
[EventType "swiss"]
[EventRounds "10"]
[EventCountry "CAN"]

1. e4 c6 2. d3 d5 3. Nd2 e5 4. Ngf3 Bd6 5. g3 Nf6 6. Bg2 Bg4 7. O-O Nbd7 8. Re1 O-O 9. h3 Bh5 10. c3 Re8 11. Qc2 Bg6 12. Nh4 Qb6 13. Nxg6 fxg6 14. Qb3 Bc5 15. Qxb6 Bxb6 16. Nb3 Nc5 17. Nxc5 Bxc5 18. Bg5 Rad8 19. Rad1 h6 20. Bc1 Re7 21. Rd2 Kh7 22. Rde2 dxe4 23. dxe4 Red7 24. Bf1 Rd1 25. Kg2 g5 26. g4 Ng8 27. a4 Ne7 28. b4 Bb6 29. a5 Bc7 30. Be3 b6 31. a6 Ng6 32. Rxd1 Rxd1 33. Rd2 Rxd2 34. Bxd2 Nf4+ 35. Kg3 Kg6 36. h4 Kf6 37. hxg5+ hxg5 38. Be3 Bd6 39. Bxb6 Bb8 40. Bc5 Ne6 41. Be3 Nc7 42. Kf3 Ne8 43. Ke2 Nd6 44. Kd3 Ke6 45. f3 Kd7 46. Be2 Kc7 47. Bd1 Nb5 48. Bb3 Kd7 49. Bxg5 Bd6 50. Be3 Be7 51. Bg8 Nc7 52. Bc4 c5 53. b5 Na8 54. Bg8 Nb6 55. c4 g5 56. Bd2 Bd8 57. Be3 Be7 58. Bc1 Na8 59. Bb2 Bf6 60. Bc3 Nb6 61. Bh7 Kd6 62. Bg6 Be7 63. Bf7 Bf6 64. Bd5 Be7 65. Ba5 Kc7 66. Bc6 Bf6 67. Bd2 Bd8 68. Be3 Be7 69. Bd5 Kd6 70. Bf2 Kc7 71. Be1 Bf6 72. Bd2 Be7 73. Bc3 Bf6 74. f4 gxf4 75. g5 Bg7 76. Ke2 Kd6 77. Kf3 Ke7 78. Be1 Ke8 79. Kg4 Na4 80. Kf5 Ke7 81. Kg6 Kf8 82. Bf2 f3 83. Kf5 Bh8 84. Kg4 Kg7 85. Kxf3 Kg6 86. Kg4 Bg7 87. Bc6 Bf8 88. Bd5 Be7 89. Be3 Nb6 90. Be6 Na4 91. Bd7 Nb6 92. Be6 Na4 93. Bf5+ Kg7 94. Kh5 Nb6 95. Be6 Na4 96. Bd5 Nb6 97. g6 Na4 98. Bh6+ 1-0

[Event "Scarborough CC-ch"]
[Site "Toronto CAN"]
[Date "2025.05.15"]
[Round "5.13"]
[White "Vetrivel, Jai Hanuj"]
[Black "Guan, Isabelle"]
[Result "1-0"]
[WhiteElo "1665"]
[BlackElo "1618"]
[WhiteFideId "-1"]
[WhiteFideId "-1"]
[PlyCount "113"]
[GameId "2226046759890599"]
[EventDate "2025.04.17"]
[EventType "swiss"]
[EventRounds "10"]
[EventCountry "CAN"]

1. c4 Nf6 2. Nc3 e6 3. d4 Bb4 4. a3 Bxc3+ 5. bxc3 b6 6. Nf3 Bb7 7. Bf4 d6 8. e3 Nbd7 9. Bg3 Qe7 10. Be2 O-O 11. Qc2 Rad8 12. O-O e5 13. Rad1 Rfe8 14. Nd2 h6 15. Rfe1 a5 16. e4 Nf8 17. f3 Nh5 18. Bf2 Qg5 19. Bf1 Ng6 20. Kh1 Ngf4 21. g3 Ng6 22. Be3 Qe7 23. Bh3 Bc8 24. Bxc8 Rxc8 25. Qa4 Qe6 26. Kg2 Rf8 27. d5 Qe7 28. Kg1 Nf6 29. Qc6 Nd7 30. a4 Nb8 31. Qb7 Nd7 32. Nb1 Rb8 33. Qc6 Rbc8 34. Na3 Nf6 35. Nb5 Qd8 36. Na7 Ra8 37. Qb7 Ne7 38. Nc6 Qd7 39. Nxe7+ Qxe7 40. Bxb6 Rfc8 41. Bxa5 Qd7 42. Bb4 Rxa4 43. Ra1 Rxa1 44. Rxa1 Qd8 45. Ra7 Ne8 46. Qc6 Kh7 47. Kg2 Kg8 48. c5 Kh7 49. cxd6 cxd6 50. Rd7 Qg5 51. Qxc8 Nf6 52. Rxf7 Qd2+ 53. Kh3 Qe3 54. Qf8 Qg5 55. Bxd6 Qh5+ 56. Kg2 Qg5 57. Bxe5 1-0

[Event "Scarborough CC-ch"]
[Site "Toronto CAN"]
[Date "2025.05.15"]
[Round "5.14"]
[White "Chamberland, Luc"]
[Black "Bi, William"]
[Result "1/2-1/2"]
[WhiteElo "1676"]
[BlackElo "1892"]
[WhiteFideId "-1"]
[WhiteFideId "-1"]
[PlyCount "122"]
[GameId "2226046759894696"]
[EventDate "2025.04.17"]
[EventType "swiss"]
[EventRounds "10"]
[EventCountry "CAN"]

1. e4 e5 2. Bc4 Nf6 3. d3 Nc6 4. Nc3 Bc5 5. Nf3 d6 6. Na4 Bb6 7. Nxb6 axb6 8. a3 h6 9. h3 O-O 10. O-O Ne7 11. Be3 Ng6 12. Qd2 Qe7 13. c3 Be6 14. Bxe6 Qxe6 15. Nh2 d5 16. exd5 Nxd5 17. Rae1 Qd6 18. Qc2 f5 19. Bc1 Ndf4 20. d4 exd4 21. cxd4 c6 22. Nf3 Qf6 23. Qb3+ Nd5 24. Ne5 Rad8 25. Re2 Kh7 26. Rfe1 Ngf4 27. Rc2 Rfe8 28. Qf3 Ne6 29. Rd2 Nxd4 30. Rxd4 Rxe5 31. Red1 Rde8 32. Bf4 Re1+ 33. Kh2 Rxd1 34. Rxd1 g5 35. Be3 Re4 36. g3 Qe6 37. Bd4 c5 38. Bc3 Kg6 39. Qd3 Nxc3 40. Qxc3 Re2 41. Rd2 Re1 42. Qh8 Re5 43. Qf8 Rd5 44. Rxd5 Qxd5 45. Qe8+ Qf7 46. Qd8 Qe6 47. h4 gxh4 48. gxh4 Qe5+ 49. Kg2 Qxb2 50. Qe8+ Kh7 51. Qe6 Qg7+ 52. Kh2 Qg6 53. Qd7+ Kg8 54. Qc8+ Kg7 55. Qxb7+ Kf8 56. Qc8+ Ke7 57. Qc7+ Kf8 58. Qc8+ Kg7 59. Qd7+ Qf7 60. Qd6 c4 61. Qxb6 c3 1/2-1/2

[Event "Scarborough CC-ch"]
[Site "Toronto CAN"]
[Date "2025.05.15"]
[Round "5.15"]
[White "Adulfo, Vincent Angel"]
[Black "Jeyakumar, Yathushan"]
[Result "0-1"]
[WhiteElo "1649"]
[BlackElo "1762"]
[WhiteFideId "-1"]
[WhiteFideId "-1"]
[PlyCount "90"]
[GameId "2226046759894697"]
[EventDate "2025.04.17"]
[EventType "swiss"]
[EventRounds "10"]
[EventCountry "CAN"]

1. Nf3 d5 2. b3 Nc6 3. Bb2 d4 4. e3 dxe3 5. fxe3 a6 6. Be2 e6 7. O-O Nf6 8. d4 Bd6 9. c4 O-O 10. Nc3 b6 11. a3 Bb7 12. Nd2 Ne7 13. Bf3 Bxf3 14. Qxf3 Ng6 15. Nce4 Nxe4 16. Nxe4 Be7 17. Rad1 f5 18. Ng3 Qe8 19. Ne2 Bd6 20. Nf4 a5 21. Rfe1 Qe7 22. d5 e5 23. Ne6 Rf7 24. Qh5 Nf8 25. Nxf8 Raxf8 26. a4 f4 27. exf4 Rxf4 28. Bxe5 Bxe5 29. g3 R4f5 30. Qg4 h5 31. Qe4 Qg5 32. d6 cxd6 33. Rf1 Rxf1+ 34. Rxf1 Rxf1+ 35. Kxf1 Qc1+ 36. Kg2 Qb2+ 37. Kh3 Qd4 38. Qa8+ Kh7 39. Kg2 h4 40. Qe8 Qg4 41. Qc6 h3+ 42. Kf2 Bd4+ 43. Ke1 Qe6+ 44. Kd1 Qe3 45. Qxd6 Qd3+ 0-1

[Event "Scarborough CC-ch"]
[Site "Toronto CAN"]
[Date "2025.05.15"]
[Round "5.16"]
[White "Chen, Timmy"]
[Black "Sekaran, Adithya"]
[Result "0-1"]
[WhiteElo "1755"]
[BlackElo "1684"]
[WhiteFideId "-1"]
[WhiteFideId "-1"]
[PlyCount "68"]
[GameId "2226046759894698"]
[EventDate "2025.04.17"]
[EventType "swiss"]
[EventRounds "10"]
[EventCountry "CAN"]

1. e4 c6 2. d4 d5 3. Nc3 dxe4 4. Nxe4 Nf6 5. Nxf6+ exf6 6. Bf4 Bd6 7. Bxd6 Qxd6 8. c3 O-O 9. Bd3 Re8+ 10. Ne2 Nd7 11. O-O Nf8 12. Ng3 Ng6 13. Qc2 Be6 14. f4 Bd7 15. f5 Nf4 16. Ne4 Qc7 17. Rf3 Bxf5 18. Nxf6+ gxf6 19. Bxf5 Re2 20. Rg3+ Kh8 21. Qb1 Rd2 22. Rg4 Nh3+ 23. Kf1 Rf2+ 24. Ke1 Qxh2 25. gxh3 Rxb2 26. Qxb2 Qxb2 27. Rb1 Qxc3+ 28. Kf2 Re8 29. Rb3 Qe1+ 30. Kf3 Re2 31. Kf4 Rf2+ 32. Rf3 Qd2+ 33. Kg3 Rg2+ 34. Kh4 Qh6# 0-1

[Event "Scarborough CC-ch"]
[Site "Toronto CAN"]
[Date "2025.05.15"]
[Round "5.18"]
[White "Dixon, Javier"]
[Black "Satish Alwar, Dharsan"]
[Result "1/2-1/2"]
[WhiteElo "1640"]
[BlackElo "1724"]
[WhiteFideId "-1"]
[WhiteFideId "-1"]
[PlyCount "38"]
[GameId "2226046759898795"]
[EventDate "2025.04.17"]
[EventType "swiss"]
[EventRounds "10"]
[EventCountry "CAN"]

1. d4 d5 2. Nf3 Nf6 3. Bf4 e6 4. e3 Bd6 5. Ne5 c6 6. Bd3 Qc7 7. O-O Nbd7 8. Nxd7 Qxd7 9. Bg5 Qd8 10. Nd2 h6 11. Bh4 O-O 12. Nf3 b6 13. Ne5 Bb7 14. Bxf6 gxf6 15. Qg4+ Kh8 16. Qh5 Kg7 17. Qg4+ Kh8 18. Qh4 Kg7 19. Qg4+ Kh8 1/2-1/2

[Event "Scarborough CC-ch"]
[Site "Toronto CAN"]
[Date "2025.05.15"]
[Round "5.19"]
[White "Balakrishnan, Shankar"]
[Black "Lim, Carl"]
[Result "0-1"]
[WhiteElo "1748"]
[BlackElo "1611"]
[WhiteFideId "-1"]
[WhiteFideId "-1"]
[PlyCount "72"]
[GameId "2226046759898796"]
[EventDate "2025.04.17"]
[EventType "swiss"]
[EventRounds "10"]
[EventCountry "CAN"]

1. e4 d6 2. d4 Nf6 3. Nc3 Nbd7 4. f4 e5 5. Nf3 exd4 6. Qxd4 c6 7. Bc4 Qb6 8. Qxb6 Nxb6 9. Bb3 Be7 10. O-O O-O 11. h3 Be6 12. Be3 Nc4 13. Bf2 Na5 14. f5 Bxb3 15. axb3 b6 16. Rfd1 Rfe8 17. b4 Nb7 18. Nd4 Nd8 19. Nb3 Nb7 20. Ra6 Bf8 21. Rda1 Nxe4 22. Nxe4 Rxe4 23. Rxa7 Rb8 24. c3 c5 25. b5 d5 26. Rd1 Re2 27. Bg3 Nd6 28. Rxd5 Rxb2 29. Bxd6 Rb1+ 30. Kh2 Bxd6+ 31. Rxd6 Rxb3 32. Rxb6 Rf8 33. Ra5 Rxc3 34. Rc6 c4 35. b6 Rb3 36. Rac5 h6 0-1

[Event "Scarborough CC-ch"]
[Site "Toronto CAN"]
[Date "2025.05.15"]
[Round "5.20"]
[White "Chen, Brady"]
[Black "Kola, Venkata Saket Reddy"]
[Result "1/2-1/2"]
[WhiteElo "1612"]
[BlackElo "1658"]
[WhiteFideId "-1"]
[WhiteFideId "-1"]
[PlyCount "108"]
[GameId "2226046759902894"]
[EventDate "2025.04.17"]
[EventType "swiss"]
[EventRounds "10"]
[EventCountry "CAN"]

1. e4 c5 2. Nf3 e6 3. Nc3 Nc6 4. d4 cxd4 5. Nxd4 Nf6 6. Be3 Bb4 7. f3 d5 8. Bb5 Bd7 9. O-O Bxc3 10. bxc3 O-O 11. Bg5 e5 12. Nxc6 bxc6 13. Be2 Be6 14. Rb1 Qe7 15. Kh1 h6 16. Bh4 Rfd8 17. Qe1 Rab8 18. Rxb8 Rxb8 19. f4 exf4 20. e5 g5 21. Rxf4 gxf4 22. exf6 Qd6 23. g4 d4 24. c4 Qe5 25. Qf2 Qe3 26. Qf1 f3 27. Bd3 f2 28. Bxf2 Qf3+ 29. Kg1 Qxg4+ 30. Bg3 Re8 31. Be2 Qf5 32. Qg2 Kh8 33. Qxc6 Bd7 34. Qf3 Qxf3 35. Bxf3 Re3 36. Bd5 Kg8 37. Bf2 Rc3 38. Bxd4 Rxc2 39. Bxa7 Rxa2 40. Be3 h5 41. h4 Be6 42. Bf3 Bg4 43. Bd5 Be6 44. Bf3 Bxc4 45. Bxh5 Bd5 46. Bg5 Kf8 47. Kf1 Ke8 48. Ke1 Rg2 49. Kf1 Ra2 50. Ke1 Kd7 51. Be2 Ke6 52. Kf1 Kf5 53. Ke1 Be4 54. Bc4 Ra1+ 1/2-1/2

[Event "Scarborough CC-ch"]
[Site "Toronto CAN"]
[Date "2025.05.15"]
[Round "5.21"]
[White "Issani, Nameer"]
[Black "Mesiti, Silvano"]
[Result "0-1"]
[WhiteElo "1575"]
[BlackElo "1563"]
[WhiteFideId "-1"]
[WhiteFideId "-1"]
[PlyCount "80"]
[GameId "2226046759902895"]
[EventDate "2025.04.17"]
[EventType "swiss"]
[EventRounds "10"]
[EventCountry "CAN"]

1. e4 e5 2. Nf3 d6 3. Bc4 Be7 4. Nc3 Nf6 5. d3 c6 6. Be3 O-O 7. h3 a5 8. Bb3 b5 9. a3 a4 10. Ba2 Nbd7 11. d4 exd4 12. Nxd4 Qc7 13. Bf4 Ne5 14. Nf3 Rd8 15. O-O h6 16. Qe2 Ba6 17. Bxe5 dxe5 18. Nd1 Ne8 19. Ne3 Bf6 20. Nf5 Nd6 21. N3h4 Kh7 22. Qf3 Bxh4 23. Nxh4 Bb7 24. Nf5 Nxf5 25. Qxf5+ Kg8 26. Rfe1 c5 27. Rad1 c4 28. Kh1 Qe7 29. Ra1 Rd2 30. Rac1 Rad8 31. f4 exf4 32. Qxf4 R8d4 33. Bb1 Bxe4 34. Rxe4 Qxe4 35. Qb8+ Kh7 36. c3 R4d3 37. Bxd3 cxd3 38. Qg3 Rc2 39. Rd1 d2 40. Qf3 Qxf3 0-1

[Event "Scarborough CC-ch"]
[Site "Toronto CAN"]
[Date "2025.05.22"]
[Round "6.1"]
[White "Yang, Larry"]
[Black "Varakunan, Cadiron"]
[Result "1-0"]
[WhiteElo "2093"]
[BlackElo "1975"]
[WhiteFideId "-1"]
[WhiteFideId "-1"]
[PlyCount "111"]
[GameId "2227752519160661"]
[EventDate "2025.04.17"]
[EventType "swiss"]
[EventRounds "10"]
[EventCountry "CAN"]

1. e4 c5 2. Nf3 d6 3. Bb5+ Nd7 4. O-O a6 5. Be2 Ngf6 6. d3 g6 7. a4 Bg7 8. Nfd2 O-O 9. f4 Rb8 10. g4 e6 11. Bf3 Ne8 12. Qe1 f5 13. exf5 exf5 14. g5 Nc7 15. Nc3 Re8 16. Qg3 Nf8 17. Nc4 d5 18. Nb6 Be6 19. Qg2 Bxc3 20. bxc3 Qd6 21. a5 Bf7 22. Kh1 Nd7 23. Rb1 Nxb6 24. Rxb6 Qd7 25. Ba3 Qa4 26. Bxc5 Qxa5 27. Qf2 Na8 28. Rf6 Rbd8 29. Bd4 Qc7 30. Qh4 Qe7 31. Be5 Qf8 32. Rg1 a5 33. Qf2 Qe7 34. Qd4 Nc7 35. Qb6 Ne6 36. Qxa5 Qd7 37. d4 Qc6 38. Rb1 Rd7 39. Be2 b6 40. Rxb6 Qa8 41. Qxa8 Rxa8 42. Rfxe6 Bxe6 43. Rxe6 Rc8 44. c4 dxc4 45. Rb6 c3 46. Ba6 Ra8 47. Bc4+ Kf8 48. d5 Rc8 49. Bb3 Rf7 50. d6 Ra7 51. Be6 Rca8 52. d7 Ra1+ 53. Kg2 Rd1 54. Bf6 Rd2+ 55. Kf3 Rxc2 56. Rc6 1-0

[Event "Scarborough CC-ch"]
[Site "Toronto CAN"]
[Date "2025.05.22"]
[Round "6.2"]
[White "Gao, Heye"]
[Black "Kola, Venkat Karthikeya R"]
[Result "1-0"]
[WhiteElo "2169"]
[BlackElo "2228"]
[WhiteFideId "-1"]
[WhiteFideId "-1"]
[PlyCount "119"]
[GameId "2227752519205727"]
[EventDate "2025.04.17"]
[EventType "swiss"]
[EventRounds "10"]
[EventCountry "CAN"]

1. e4 c5 2. Nf3 d6 3. d4 cxd4 4. Nxd4 Nf6 5. Nc3 a6 6. Be2 e5 7. Nb3 Be7 8. O-O O-O 9. Qd3 Be6 10. Bd2 Nbd7 11. Nd5 Bxd5 12. exd5 b6 13. c4 h5 14. f4 h4 15. fxe5 Nxe5 16. Qe3 Nh7 17. Bc3 Bg5 18. Qf2 Nf6 19. Qf5 Bh6 20. Rae1 Nfd7 21. Nd4 Be3+ 22. Kh1 Bxd4 23. Bxd4 g6 24. Qh3 f5 25. Rf4 Kg7 26. Rxh4 Rh8 27. Rxh8 Qxh8 28. Qg3 Qf8 29. Rf1 Qf6 30. Qe3 Re8 31. g4 Rh8 32. gxf5 Qh4 33. Qf4 g5 34. Qxh4 Rxh4 35. Bc3 Kf6 36. Kg2 Re4 37. Rf2 Rh4 38. b3 Rh8 39. Bd3 Nc5 40. Bc2 Rh4 41. h3 g4 42. hxg4 Rxg4+ 43. Kh3 Rg8 44. Rg2 Rh8+ 45. Kg3 Re8 46. Kf4 Kf7 47. Rg3 Ncd7 48. Rh3 Nf6 49. Bd1 b5 50. Bh5+ Nxh5+ 51. Rxh5 bxc4 52. bxc4 Nxc4 53. Rh7+ Kg8 54. Rd7 Re3 55. Bd4 Rd3 56. Ke4 Rd1 57. f6 Nd2+ 58. Kf5 Nf3 59. f7+ Kf8 60. Kf6 1-0

[Event "Scarborough CC-ch"]
[Site "Toronto CAN"]
[Date "2025.05.22"]
[Round "6.3"]
[White "Wang, Nathan"]
[Black "Chen, Larry"]
[Result "1-0"]
[WhiteElo "2099"]
[BlackElo "1958"]
[WhiteFideId "-1"]
[WhiteFideId "-1"]
[PlyCount "87"]
[GameId "2227752519209824"]
[EventDate "2025.04.17"]
[EventType "swiss"]
[EventRounds "10"]
[EventCountry "CAN"]

1. e4 c6 2. d4 d5 3. e5 Bf5 4. Nd2 e6 5. Nb3 Nd7 6. Be3 Qc7 7. f4 c5 8. c3 cxd4 9. Bxd4 Ne7 10. Nf3 Nc6 11. Bf2 Be7 12. Be2 O-O 13. Nfd4 Nxd4 14. Nxd4 Be4 15. O-O Nb8 16. Nb5 Qa5 17. b4 Qd8 18. Nxa7 Qd7 19. Bb5 Qc7 20. Qd4 f6 21. Qb6 Qxb6 22. Bxb6 Bd8 23. Bd4 Bc7 24. a4 fxe5 25. fxe5 Rf5 26. Rxf5 Bxf5 27. a5 Na6 28. Rf1 Bxe5 29. Bxe5 Rxa7 30. h3 Ra8 31. g4 Bg6 32. Bd7 Bf7 33. Re1 Rd8 34. Bb5 Bg6 35. Kf2 Nb8 36. Bxb8 Rxb8 37. Rxe6 Rc8 38. Re7 Rf8+ 39. Ke3 Rf7 40. Re8+ Rf8 41. Rxf8+ Kxf8 42. Kd4 Be4 43. Bd3 Bg2 44. b5 1-0

[Event "Scarborough CC-ch"]
[Site "Toronto CAN"]
[Date "2025.05.22"]
[Round "6.4"]
[White "Mendoza, Armand Jess"]
[Black "Katz, Lyam"]
[Result "1-0"]
[WhiteElo "1854"]
[BlackElo "1826"]
[WhiteFideId "-1"]
[WhiteFideId "-1"]
[PlyCount "113"]
[GameId "2227752519213921"]
[EventDate "2025.04.17"]
[EventType "swiss"]
[EventRounds "10"]
[EventCountry "CAN"]

1. d4 Nf6 2. Nf3 g6 3. e3 Bg7 4. Bd3 d5 5. Nbd2 c5 6. b3 O-O 7. Ne5 Nfd7 8. Bb2 cxd4 9. exd4 Nxe5 10. dxe5 Nc6 11. f4 f6 12. exf6 Bxf6 13. Bxf6 Rxf6 14. O-O Nb4 15. Qe2 Nxd3 16. cxd3 Qb6+ 17. Kh1 Re6 18. Qf3 Qd4 19. Rae1 Rxe1 20. Rxe1 Bf5 21. Re3 Rc8 22. h3 Rc2 23. Nf1 Rc1 24. g4 Bxg4 25. hxg4 Rxf1+ 26. Qxf1 Qxe3 27. f5 g5 28. Kg2 Qd2+ 29. Kg3 Qe3+ 30. Kg2 Qd2+ 31. Kg3 Qxa2 32. Qc1 Qa6 33. Qxg5+ Kf8 34. Qe3 Qd6+ 35. Kf3 d4 36. Qe4 Qb6 37. Qd5 Kg7 38. g5 Qc6 39. Qxc6 bxc6 40. Ke4 h6 41. gxh6+ Kxh6 42. Kxd4 Kg5 43. Ke5 c5 44. Ke6 Kf4 45. Kxe7 Kxf5 46. Kd6 Kf6 47. Kxc5 Ke6 48. d4 Kd7 49. b4 Kc7 50. b5 Kd7 51. d5 Kc7 52. d6+ Kd7 53. Kd5 Kd8 54. Kc6 Kc8 55. d7+ Kd8 56. Kd6 a6 57. b6 1-0

[Event "Scarborough CC-ch"]
[Site "Toronto CAN"]
[Date "2025.05.22"]
[Round "6.5"]
[White "Deepak, Laksshana"]
[Black "Lawless, David"]
[Result "1-0"]
[WhiteElo "2127"]
[BlackElo "1902"]
[WhiteFideId "-1"]
[WhiteFideId "-1"]
[PlyCount "71"]
[GameId "2227752519213922"]
[EventDate "2025.04.17"]
[EventType "swiss"]
[EventRounds "10"]
[EventCountry "CAN"]

1. Nf3 Nf6 2. b3 g6 3. Bb2 Bg7 4. e3 c5 5. Be2 d5 6. O-O Nc6 7. d4 cxd4 8. Nxd4 O-O 9. Nd2 Re8 10. c4 e5 11. Nxc6 bxc6 12. cxd5 cxd5 13. Rc1 h6 14. Nf3 Qd6 15. Qc2 Bg4 16. Qc7 Qxc7 17. Rxc7 Ne4 18. h3 Bxf3 19. Bxf3 a5 20. Rd1 Red8 21. Re7 Bf6 22. Rb7 a4 23. Rb5 axb3 24. axb3 Rab8 25. Rdxd5 Rxb5 26. Rxb5 Nd2 27. Bd5 Rd7 28. e4 Kg7 29. Rc5 Ra7 30. Rc2 Nb1 31. Rc1 Na3 32. Bxa3 Rxa3 33. Rc7 Bg5 34. Rxf7+ Kh8 35. g3 h5 36. h4 1-0

[Event "Scarborough CC-ch"]
[Site "Toronto CAN"]
[Date "2025.05.22"]
[Round "6.6"]
[White "Pan, Julian"]
[Black "Lukinykh, Slava"]
[Result "1-0"]
[WhiteElo "1870"]
[BlackElo "2011"]
[WhiteFideId "-1"]
[WhiteFideId "-1"]
[PlyCount "159"]
[GameId "2227752519213923"]
[EventDate "2025.04.17"]
[EventType "swiss"]
[EventRounds "10"]
[EventCountry "CAN"]

1. e4 e5 2. Nf3 Nf6 3. Nxe5 d6 4. Nf3 Nxe4 5. Nc3 Nf6 6. d4 d5 7. Be2 Be7 8. O-O O-O 9. h3 Bf5 10. Bf4 c6 11. Bd3 Bxd3 12. Qxd3 Bd6 13. Be5 Bxe5 14. dxe5 Nfd7 15. Qf5 h6 16. Rad1 Nc5 17. b4 Ne6 18. Ne4 Nd7 19. Nd6 g6 20. Qg4 Ng5 21. Nxg5 Nxe5 22. Ngxf7 Nxg4 23. Nxd8 Raxd8 24. Nxb7 Rb8 25. Na5 Ne5 26. Rfe1 Rbe8 27. f4 Rxf4 28. Nxc6 Rf5 29. Nxe5 Rexe5 30. Rxe5 Rxe5 31. Kf2 Kf7 32. Rd3 Re4 33. c3 Re5 34. Re3 Rg5 35. Rg3 Re5 36. Rf3+ Kg7 37. Re3 Rf5+ 38. Ke2 Rg5 39. Kf2 Rf5+ 40. Ke2 Rf7 41. g4 Rc7 42. Rd3 Kf6 43. Re3 Kg5 44. Rf3 Re7+ 45. Kf2 Kh4 46. Rf6 Kg5 47. Rd6 Re5 48. Ra6 Re7 49. Ra5 Kh4 50. Rxd5 Kxh3 51. Rd4 Rf7+ 52. Ke1 Rf3 53. Rd6 h5 54. gxh5 gxh5 55. Rd7 Rxc3 56. Rxa7 Kg3 57. b5 Rc1+ 58. Kd2 Rb1 59. a4 h4 60. Kc3 h3 61. Kc4 h2 62. Rh7 h1=Q 63. Rxh1 Rxh1 64. b6 Kf4 65. a5 Ke5 66. b7 Rc1+ 67. Kd3 Rb1 68. a6 Kd6 69. a7 Rxb7 70. a8=Q Rc7 71. Kd4 Kd7 72. Kd5 Rc8 73. Qa4+ Ke7 74. Qf4 Rd8+ 75. Ke5 Kd7 76. Qf6 Kc7 77. Qe7+ Kc8 78. Kf6 Rd7 79. Qe5 Kd8 80. Qb8# 1-0

[Event "Scarborough CC-ch"]
[Site "Toronto CAN"]
[Date "2025.05.22"]
[Round "6.7"]
[White "Hong, Zihan"]
[Black "Yamasaki, Dawson"]
[Result "1/2-1/2"]
[WhiteElo "1999"]
[BlackElo "1657"]
[WhiteFideId "-1"]
[WhiteFideId "-1"]
[PlyCount "94"]
[GameId "2227752519213924"]
[EventDate "2025.04.17"]
[EventType "swiss"]
[EventRounds "10"]
[EventCountry "CAN"]

1. d4 Nf6 2. Bf4 c5 3. dxc5 Na6 4. e4 Nxc5 5. e5 Ne6 6. exf6 Nxf4 7. fxe7 Bxe7 8. Ne2 Ne6 9. g3 Qb6 10. Nbc3 Bc5 11. Ne4 Ng5 12. Qd3 Nxe4 13. Qxe4+ Qe6 14. Qxe6+ dxe6 15. Bg2 Bd7 16. O-O Bc6 17. Bxc6+ bxc6 18. Rad1 Ke7 19. Kg2 Rhd8 20. Nc3 Bb4 21. Ne2 Rd5 22. Nf4 Rxd1 23. Rxd1 Bd6 24. Kf3 Rb8 25. b3 f5 26. Nd3 e5 27. Nb2 g5 28. h3 h5 29. Nc4 e4+ 30. Ke2 Bc7 31. c3 Ke6 32. b4 Rd8 33. Rxd8 Bxd8 34. a4 h4 35. gxh4 gxh4 36. Na3 Be7 37. Nc2 Bf6 38. c4 f4 39. f3 e3 40. Kd3 Kd6 41. b5 cxb5 42. cxb5 Kc5 43. Ke4 Bg5 44. Kd3 Bf6 45. Ke4 Bg5 46. Kd3 Bf6 47. Ke4 Bg5 1/2-1/2